000 00704nam a2200217 i 4500
001 35677
003 ES-MaACL
005 20230906155202.0
007 t|
008 030213s1971 fr ||||1| fre d
100 1 _aBoudot, Pierre.
_930861
245 1 2 _aL'ontologie de Nietzsche /
_cpar Pierre Boudot.
250 _a1e éd.
260 _aParís :
_bPresses Universitaires de France,
_c1971.
300 _a127 p. ;
_c18 cm.
490 1 _aSUP. Initiation philosophique ;
_v95
600 1 4 _aNietzsche, Friedrich,
_d1844-1900-
_xCrítica e interpretación
_985721
830 0 _aSUP. Initiation philosophique ;
_v95
_9182090
852 4 _aES-MaACL
_jL-11724
_bR.113238
999 _c35677
_d35677